Robust Control Systems with Genetic Algorithms (Record no. 611088)
[ view plain ]
| 000 -LEADER | |
|---|---|
| fixed length control field | 00451nam a22001457a 4500 |
| 020 ## - INTERNATIONAL STANDARD BOOK NUMBER | |
| International Standard Book Number | 0849312515 |
| 040 ## - CATALOGING SOURCE | |
| Transcribing agency | NUST |
| 082 ## - DEWEY DECIMAL CLASSIFICATION NUMBER | |
| Classification number | 629.8 |
| Author Mark | ROB |
| 100 ## - MAIN ENTRY--PERSONAL NAME | |
| Personal name | Mo Jamshidi, Leandro Dos Santos Coelho |
| 9 (RLIN) | 125333 |
| 110 ## - MAIN ENTRY--CORPORATE NAME | |
| Corporate name or jurisdiction name as entry element | Renato A. Krohling, Peter J. Fleming |
| 9 (RLIN) | 125334 |
| 245 ## - TITLE STATEMENT | |
| Title | Robust Control Systems with Genetic Algorithms |
| 260 ## - PUBLICATION, DISTRIBUTION, ETC. | |
| Place of publication, distribution, etc. | New York: |
| Name of publisher, distributor, etc. | CRC Press, |
| Date of publication, distribution, etc. | 2002. |
| 650 ## - SUBJECT ADDED ENTRY--TOPICAL TERM | |
| Source of heading or term | Robust Control Systems with Genetic Algorithms |
| 942 ## - ADDED ENTRY ELEMENTS (KOHA) | |
| Source of classification or shelving scheme | |
| Koha item type | Book |
| Withdrawn status | Lost status | Source of classification or shelving scheme | Damaged status | Not for loan | Permanent Location | Current Location | Shelving location | Date acquired | Total Checkouts | Full call number | Barcode | Date last seen | Price effective from | Koha item type |
|---|---|---|---|---|---|---|---|---|---|---|---|---|---|---|
| College of Electrical & Mechanical Engineering (CEME) | College of Electrical & Mechanical Engineering (CEME) | General Stacks | 08/25/2024 | 629.8 ROB | CEME-36594 | 08/25/2024 | 08/25/2024 | Book |
